<?xml version="1.0" encoding="UTF-8"?>
<record
    xmlns:xsi="http://www.w3.org/2001/XMLSchema-instance"
    xsi:schemaLocation="http://www.loc.gov/MARC21/slim http://www.loc.gov/standards/marcxml/schema/MARC21slim.xsd"
    xmlns="http://www.loc.gov/MARC21/slim">

  <leader>01304nam a22002655a 4500</leader>
  <controlfield tag="003">OSt</controlfield>
  <controlfield tag="005">20170311133336.0</controlfield>
  <controlfield tag="008">170309s2006    ua     frb    000 0 ara d</controlfield>
  <datafield tag="015" ind1=" " ind2=" ">
    <subfield code="a">2005 / 22113</subfield>
  </datafield>
  <datafield tag="040" ind1=" " ind2=" ">
    <subfield code="a">EG-ScBUE</subfield>
    <subfield code="b">ara</subfield>
    <subfield code="c">EG-ScBUE</subfield>
  </datafield>
  <datafield tag="043" ind1=" " ind2=" ">
    <subfield code="a">f-ua---</subfield>
  </datafield>
  <datafield tag="082" ind1="0" ind2="4">
    <subfield code="a">346.62072</subfield>
    <subfield code="b">&#x623; &#x628; &#x648;</subfield>
    <subfield code="2">22</subfield>
  </datafield>
  <datafield tag="100" ind1="1" ind2=" ">
    <subfield code="a">&#x623;&#x628;&#x648; &#x642;&#x631;&#x64A;&#x646;&#x60C; &#x623;&#x62D;&#x645;&#x62F; &#x639;&#x628;&#x62F; &#x627;&#x644;&#x639;&#x627;&#x644;.</subfield>
  </datafield>
  <datafield tag="245" ind1="1" ind2="0">
    <subfield code="a">&#x639;&#x642;&#x62F; &#x627;&#x644;&#x628;&#x64A;&#x639; : </subfield>
    <subfield code="b">&#x641;&#x64A; &#x636;&#x648;&#x621; &#x627;&#x644;&#x641;&#x642;&#x647; &#x648;&#x627;&#x644;&#x62A;&#x634;&#x631;&#x64A;&#x639; &#x648;&#x623;&#x62D;&#x643;&#x627;&#x645; &#x627;&#x644;&#x642;&#x636;&#x627;&#x621;  / </subfield>
    <subfield code="c">&#x623;&#x62D;&#x645;&#x62F; &#x639;&#x628;&#x62F; &#x627;&#x644;&#x639;&#x627;&#x644; &#x623;&#x628;&#x648; &#x642;&#x631;&#x64A;&#x646;.</subfield>
  </datafield>
  <datafield tag="250" ind1=" " ind2=" ">
    <subfield code="a">&#x637;. 3.</subfield>
  </datafield>
  <datafield tag="260" ind1=" " ind2=" ">
    <subfield code="a">&#x627;&#x644;&#x642;&#x627;&#x647;&#x631;&#x629; : </subfield>
    <subfield code="b">&#x62F;&#x627;&#x631; &#x627;&#x644;&#x646;&#x647;&#x636;&#x629; &#x627;&#x644;&#x639;&#x631;&#x628;&#x64A;&#x629;&#x60C; </subfield>
    <subfield code="c">2006.</subfield>
  </datafield>
  <datafield tag="300" ind1=" " ind2=" ">
    <subfield code="a">659 &#x635;. &#x61B; </subfield>
    <subfield code="c">24 &#x633;&#x645;.</subfield>
  </datafield>
  <datafield tag="504" ind1=" " ind2=" ">
    <subfield code="a">&#x64A;&#x634;&#x62A;&#x645;&#x644; &#x639;&#x644;&#x649; &#x625;&#x631;&#x62C;&#x627;&#x639;&#x627;&#x62A; &#x628;&#x628;&#x644;&#x64A;&#x648;&#x62C;&#x631;&#x627;&#x641;&#x64A;&#x629;.</subfield>
  </datafield>
  <datafield tag="505" ind1="0" ind2=" ">
    <subfield code="a">&#x625;&#x628;&#x631;&#x627;&#x645; &#x639;&#x642;&#x62F; &#x627;&#x644;&#x628;&#x64A;&#x639; - &#x627;&#x644;&#x648;&#x639;&#x62F; &#x628;&#x627;&#x644;&#x628;&#x64A;&#x639; - &#x627;&#x644;&#x628;&#x64A;&#x639; &#x627;&#x644;&#x627;&#x628;&#x62A;&#x62F;&#x627;&#x626;&#x64A; - &#x627;&#x62A;&#x641;&#x627;&#x642; &#x627;&#x644;&#x645;&#x628;&#x627;&#x62F;&#x626; - &#x627;&#x644;&#x62A;&#x628;&#x627;&#x64A;&#x639; &#x628;&#x637;&#x631;&#x64A;&#x642; &#x627;&#x644;&#x646;&#x64A;&#x627;&#x628;&#x629; - &#x627;&#x644;&#x628;&#x64A;&#x648;&#x639; &#x627;&#x644;&#x645;&#x648;&#x635;&#x648;&#x641;&#x629; - &#x634;&#x631;&#x637; &#x627;&#x644;&#x639;&#x644;&#x645; &#x627;&#x644;&#x643;&#x627;&#x641;&#x64A; &#x628;&#x627;&#x644;&#x645;&#x628;&#x64A;&#x639; ... - &#x627;&#x644;&#x625;&#x630;&#x62F;&#x648;&#x627;&#x62C;&#x64A;&#x629; &#x648;&#x627;&#x644;&#x62A;&#x62F;&#x627;&#x62E;&#x644; &#x628;&#x64A;&#x646; &#x627;&#x644;&#x62F;&#x639;&#x627;&#x648;&#x64A; &#x627;&#x644;&#x645;&#x631;&#x62A;&#x628;&#x637;&#x629; &#x628;&#x639;&#x642;&#x62F; &#x627;&#x644;&#x628;&#x64A;&#x639;.</subfield>
  </datafield>
  <datafield tag="650" ind1=" " ind2="7">
    <subfield code="a">&#x639;&#x642;&#x648;&#x62F; &#x627;&#x644;&#x628;&#x64A;&#x639;</subfield>
    <subfield code="x">&#x642;&#x648;&#x627;&#x646;&#x64A;&#x646; &#x648;&#x62A;&#x634;&#x631;&#x64A;&#x639;&#x627;&#x62A;</subfield>
    <subfield code="z">&#x645;&#x635;&#x631;.</subfield>
    <subfield code="2">BUEsh</subfield>
    <subfield code="9">40965</subfield>
  </datafield>
  <datafield tag="650" ind1=" " ind2="7">
    <subfield code="a">&#x639;&#x642;&#x648;&#x62F; &#x627;&#x644;&#x628;&#x64A;&#x639; (&#x641;&#x642;&#x647; &#x625;&#x633;&#x644;&#x627;&#x645;&#x64A;)</subfield>
    <subfield code="2">BUEsh</subfield>
  </datafield>
  <datafield tag="651" ind1=" " ind2=" ">
    <subfield code="2">BUEsh</subfield>
  </datafield>
  <datafield tag="653" ind1=" " ind2=" ">
    <subfield code="b">LLAAWW</subfield>
    <subfield code="c">March2017</subfield>
  </datafield>
  <datafield tag="942" ind1=" " ind2=" ">
    <subfield code="2">ddc</subfield>
  </datafield>
  <datafield tag="999" ind1=" " ind2=" ">
    <subfield code="c">24378</subfield>
    <subfield code="d">24350</subfield>
  </datafield>
  <datafield tag="952" ind1=" " ind2=" ">
    <subfield code="0">0</subfield>
    <subfield code="1">0</subfield>
    <subfield code="2">ddc</subfield>
    <subfield code="4">0</subfield>
    <subfield code="7">0</subfield>
    <subfield code="8">DarN.AR.</subfield>
    <subfield code="a">MAIN</subfield>
    <subfield code="b">MAIN</subfield>
    <subfield code="c">1ST</subfield>
    <subfield code="d">2017-03-09</subfield>
    <subfield code="e">Purchase</subfield>
    <subfield code="g">85.00</subfield>
    <subfield code="h">2815</subfield>
    <subfield code="o">346.62072 &#x623; &#x628; &#x648;</subfield>
    <subfield code="p">000041350</subfield>
    <subfield code="r">2025-07-15 00:00:00</subfield>
    <subfield code="s">2024-04-18</subfield>
    <subfield code="v">106.25</subfield>
    <subfield code="y">BB</subfield>
  </datafield>
  <datafield tag="952" ind1=" " ind2=" ">
    <subfield code="0">0</subfield>
    <subfield code="1">0</subfield>
    <subfield code="2">ddc</subfield>
    <subfield code="4">0</subfield>
    <subfield code="7">0</subfield>
    <subfield code="8">DarN.AR.</subfield>
    <subfield code="a">MAIN</subfield>
    <subfield code="b">MAIN</subfield>
    <subfield code="c">1ST</subfield>
    <subfield code="d">2017-03-09</subfield>
    <subfield code="e">Purchase</subfield>
    <subfield code="g">85.00</subfield>
    <subfield code="h">2815</subfield>
    <subfield code="o">346.62072 &#x623; &#x628; &#x648;</subfield>
    <subfield code="p">000041349</subfield>
    <subfield code="q">2026-06-02</subfield>
    <subfield code="r">2026-02-08 00:00:00</subfield>
    <subfield code="s">2026-02-08</subfield>
    <subfield code="v">106.25</subfield>
    <subfield code="y">BB</subfield>
  </datafield>
</record>
